| 000 | 00457nam a22001697a 4500 | ||
|---|---|---|---|
| 005 | 20251108171730.0 | ||
| 008 | 250721s1975 xx 000 0 ara d | ||
| 082 | 1 | 4 | _a956.93/صاب |
| 100 | 1 | _aطعيمه، صابر | |
| 245 | 1 | 0 | _aالتاريخ اليهودي العام / |
| 264 | 1 |
_aبيروت : _bدار الجيل، _c1975. |
|
| 300 | _a2ج ؛ مج | ||
| 650 | 1 | 7 | _aاليهود |
| 650 | 1 | 7 | _aالتاريخ |
| 942 |
_2ddc _cBK |
||
| 999 |
_c61085 _d61085 |
||